[Event "Padova del Santo op-B 7th"]
[Site "Padova"]
[Date "2020.02.21"]
[Round "1.12"]
[White "Kadyrbekov, Islam"]
[Black "Riga, Raffaele"]
[Result "1/2-1/2"]
[WhiteElo "1686"]
[BlackElo "1755"]
[PlyCount "51"]
[EventDate "2020.02.21"]
[EventType "swiss"]
[EventRounds "3"]
[EventCountry "ITA"]
[SourceTitle "EXT 2024"]
[Source "ChessBase"]
[SourceDate "2023.10.10"]
[SourceVersion "1"]
[SourceVersionDate "2023.10.10"]
[SourceQuality "1"]

1. d4 Nf6 2. Nf3 e6 3. c4 b6 4. Nc3 Bb4 5. Bg5 Bb7 6. e3 h6 7. Bh4 0-0 8. Bd3 d6 9. 0-0 Bxc3 10. bxc3 Nbd7 11. Nd2 e5 12. Qc2 Qe8 13. a4 e4 14. Be2 a5 15. Rab1 Nh7 16. Bg3 Rc8 17. Rb2 f5 18. c5 dxc5 19. Nc4 Bd5 20. Ne5 Nxe5 21. Bxe5 c4 22. Ra1 Ng5 23. Kh1 Qe7 24. Rb5 Qd7 25. Qa2 Kh8 26. Bxc4 1/2-1/2